[Event "1st Abu Dhabi Super Blitz"]
[Site "chess.com INT"]
[Date "2020.04.15"]
[Round "10"]
[White "Sarana, Alexey"]
[Black "Avalyan, Artur"]
[Result "0-1"]
[WhiteTitle "GM"]
[BlackTitle "FM"]
[WhiteElo "2654"]
[BlackElo "2342"]
[WhiteFideId "24133795"]
[BlackFideId "34164550"]
[EventDate "2020.04.15"]
[EventType "blitz"]

1. d4 Nf6 2. c4 e6 3. Nf3 d5 4. Nc3 dxc4 5. e4 a6 6. Bxc4 b5 7. Bd3 Bb7 8. e5
Nd5 9. O-O Nxc3 10. bxc3 Be7 11. a4 bxa4 12. Qxa4+ Nd7 13. Nd2 O-O 14. Qc2 h6
15. Nc4 c5 16. Na5 Rb8 17. Nxb7 Rxb7 18. Rxa6 cxd4 19. cxd4 Nb8 20. Ra4 Qd7 21.
Be3 Rc8 22. Qa2 Nc6 23. Rc4 Nb4 24. Rxc8+ Qxc8 25. Qe2 Nxd3 26. Qxd3 Rb2 27. Qe4
Qb7 28. Qxb7 Rxb7 29. Rc1 f6 30. f4 Rb2 31. Kf1 Kf7 32. Rc7 Rb3 33. Ke2 Rb2+ 34.
Kf3 Rb3 35. h3 Ra3 36. g3 h5 37. Ke4 f5+ 38. Kf3 Ra5 39. Bd2 Ra3+ 40. Ke2 Rb3
41. Bc3 Kf8 42. Kd3 Rb1 43. d5 Rd1+ 44. Bd2 exd5 45. e6 Bb4 46. Rf7+ Ke8 47.
Rxf5 Rxd2+ 48. Ke3 d4+ 49. Ke4 Bc3 50. Rxh5 Ke7 51. f5 Re2+ 52. Kd3 Re3+ 53. Kc4
Rxg3 54. h4 Rf3 55. Rg5 Kf6 56. Rg6+ Kxf5 57. h5 Re3 58. Rxg7 Rxe6 59. Rg1 Rh6
60. Rh1 Kg4 61. Rf1 Kxh5 62. Rg1 Rg6 63. Rf1 Kg5 64. Kd3 Rf6 65. Rg1+ Kf5 66.
Rg8 Ke5 67. Re8+ Re6 68. Rd8 Kf5 69. Rf8+ Rf6 70. Re8 Re6 71. Rf8+ Ke5 72. Rd8
Re7 73. Rf8 Rh7 74. Re8+ Kd6 75. Rd8+ Kc7 76. Re8 Kc6 77. Rc8+ Rc7 78. Rb8 Kc5
79. Rd8 Rc6 80. Rb8 Rh6 81. Rc8+ Kd6 82. Rd8+ Ke5 83. Re8+ Kf4 84. Rf8+ Kg3 85.
Rf7 Re6 86. Rg7+ Kf2 87. Rf7+ Ke1 88. Rf3 Kd1 89. Rf1+ Re1 90. Rf3 Kc1 91. Kc4
Rd1 92. Kb3 Rd2 93. Rh3 Rd1 94. Rg3 Kb1 95. Rf3 Rc1 96. Rd3 Rh1 97. Rf3 Kc1 98.
Rd3 Rh5 99. Rf3 Rh6 100. Kc4 Kd2 101. Rf2+ Ke3 102. Rf8 Rc6+ 103. Kd5 Rc7 104.
Re8+ Kd2 105. Rh8 d3 106. Rh2+ Kc1 107. Rh1+ Kc2 0-1

[Event "1st Abu Dhabi Super Blitz"]
[Site "chess.com INT"]
[Date "2020.04.15"]
[Round "11"]
[White "Grachev, Boris"]
[Black "Harutyunian, Tigran K."]
[Result "1-0"]
[WhiteTitle "GM"]
[BlackTitle "GM"]
[WhiteElo "2612"]
[BlackElo "2551"]
[WhiteFideId "4129199"]
[BlackFideId "13303635"]
[EventDate "2020.04.15"]
[EventType "blitz"]

1. Nf3 d5 2. d4 Nf6 3. Bf4 e6 4. e3 c5 5. c3 Bd6 6. Bg3 Nc6 7. Nbd2 b6 8. Bb5
Bb7 9. Qa4 Qc7 10. Bxd6 Qxd6 11. Ne5 Rc8 12. Qxa7 O-O 13. Qxb7 Na5 14. Nxf7 Rxf7
15. Qxc8+ Rf8 16. Qa6 Ng4 17. Nf3 Qc7 18. h3 Nf6 19. Be2 c4 20. Qb5 Ne4 21. O-O
Nc6 22. Qa4 e5 23. Qd1 exd4 24. exd4 Ne7 25. Ne5 Nf5 26. Bg4 Nh4 27. Be6+ Kh8
28. Qh5 1-0

[Event "1st Abu Dhabi Super Blitz"]
[Site "chess.com INT"]
[Date "2020.04.15"]
[Round "11"]
[White "Nihal, Sarin"]
[Black "Artemiev, Vladislav"]
[Result "1/2-1/2"]
[WhiteTitle "GM"]
[BlackTitle "GM"]
[WhiteElo "2620"]
[BlackElo "2716"]
[WhiteFideId "25092340"]
[BlackFideId "24101605"]
[EventDate "2020.04.15"]
[EventType "blitz"]

1. d4 Nf6 2. c4 g6 3. Nc3 d5 4. cxd5 Nxd5 5. e4 Nxc3 6. bxc3 Bg7 7. Nf3 c5 8.
Bb5+ Nc6 9. d5 Qa5 10. Rb1 a6 11. Bxc6+ bxc6 12. dxc6 O-O 13. O-O Rd8 14. Qb3
Be6 15. Qb7 Rac8 1/2-1/2

[Event "1st Abu Dhabi Super Blitz"]
[Site "chess.com INT"]
[Date "2020.04.15"]
[Round "11"]
[White "Le, Tuan Minh"]
[Black "Gabuzyan, Hovhannes"]
[Result "1-0"]
[WhiteTitle "IM"]
[BlackTitle "GM"]
[WhiteElo "2501"]
[BlackElo "2557"]
[WhiteFideId "12401153"]
[BlackFideId "13303732"]
[EventDate "2020.04.15"]
[EventType "blitz"]

1. d4 Nf6 2. c4 c5 3. d5 e6 4. Nc3 exd5 5. cxd5 d6 6. Nf3 g6 7. Bf4 a6 8. a4 Bg7
9. e3 O-O 10. h3 Nbd7 11. Be2 Re8 12. O-O Ne4 13. Nxe4 Rxe4 14. Bxd6 Bxb2 15.
Rb1 Bg7 16. Bg3 Nf6 17. d6 h6 18. Qc2 b6 19. a5 b5 20. Qxc5 Be6 21. Nd4 Nd7 22.
Qc6 Nf6 23. Nxe6 Rxe6 24. Bf3 Ra7 25. Rfc1 Bf8 26. Qc8 Qxc8 27. Rxc8 Kg7 28. Rd1
Rd7 29. Rc6 Ra7 30. Rc7 Ra8 31. Bxa8 1-0

[Event "1st Abu Dhabi Super Blitz"]
[Site "chess.com INT"]
[Date "2020.04.15"]
[Round "11"]
[White "Caruana, Fabiano"]
[Black "Roiz, Michael"]
[Result "1/2-1/2"]
[WhiteTitle "GM"]
[BlackTitle "GM"]
[WhiteElo "2835"]
[BlackElo "2583"]
[WhiteFideId "2020009"]
[BlackFideId "2804158"]
[EventDate "2020.04.15"]
[EventType "blitz"]

1. e4 e5 2. Nf3 Nc6 3. Bb5 Nf6 4. d3 Bc5 5. c3 O-O 6. O-O d5 7. exd5 Qxd5 8. Bc4
Qd8 9. Nbd2 a5 10. a4 h6 11. Qe2 Re8 12. h3 Bf5 13. Ne4 Nxe4 14. dxe4 Be6 15.
Bb5 Qf6 16. Be3 Bd6 17. Nd2 Red8 18. Rfd1 Ne7 19. Nc4 Nc8 20. Rd2 Be7 21. Rxd8+
Bxd8 22. Nd2 Be7 23. Bd3 Nd6 24. b4 Nc8 25. bxa5 Rxa5 26. Nc4 Ra8 27. a5 Nd6 28.
Nd2 Qg6 29. Kh2 Bg5 30. Nf3 Bxe3 31. Qxe3 Qf6 32. Qc5 Qf4+ 33. Kg1 Bxh3 34. Qxc7
Bxg2 35. Kxg2 Qg4+ 36. Kh2 Qf4+ 37. Kg1 Qg4+ 38. Kh2 Qf4+ 39. Kg2 Qg4+ 40. Kh2 1/2-1/2

[Event "1st Abu Dhabi Super Blitz"]
[Site "chess.com INT"]
[Date "2020.04.15"]
[Round "11"]
[White "Avalyan, Artur"]
[Black "Meier, Georg"]
[Result "1-0"]
[WhiteTitle "FM"]
[BlackTitle "GM"]
[WhiteElo "2342"]
[BlackElo "2621"]
[WhiteFideId "34164550"]
[BlackFideId "4675789"]
[EventDate "2020.04.15"]
[EventType "blitz"]

1. d4 e6 2. c4 b6 3. Nc3 Bb4 4. e4 Bb7 5. Bd3 f5 6. f3 Nh6 7. g3 fxe4 8. fxe4
O-O 9. Bxh6 gxh6 10. Nf3 Nc6 11. a3 Qf6 12. O-O Bxc3 13. bxc3 Qg7 14. Qe2 Rf7
15. d5 Na5 16. Nd4 Re8 17. Rxf7 Qxf7 18. Rf1 Qg7 19. Rf4 Qe5 20. Qf3 c5 21. Rg4+
Kh8 22. Qf7 exd5 23. Nf3 Qe7 24. Rg8+ Rxg8 25. Qxe7 1-0

[Event "1st Abu Dhabi Super Blitz"]
[Site "chess.com INT"]
[Date "2020.04.15"]
[Round "11"]
[White "Bartel, Mateusz"]
[Black "Van Foreest, Jorden"]
[Result "0-1"]
[WhiteTitle "GM"]
[BlackTitle "GM"]
[WhiteElo "2648"]
[BlackElo "2682"]
[WhiteFideId "1112635"]
[BlackFideId "1039784"]
[EventDate "2020.04.15"]
[EventType "blitz"]

1. d4 Nf6 2. c4 g6 3. Nc3 Bg7 4. e4 d6 5. h3 O-O 6. Be3 Nbd7 7. g4 e5 8. d5 Nc5
9. f3 a5 10. Nge2 Nfd7 11. h4 f5 12. g5 fxe4 13. fxe4 Nb6 14. Ng3 Rf4 15. Be2 a4
16. Qd2 Bd7 17. O-O-O Qe7 18. Kc2 Bg4 19. Rdf1 Rxf1 20. Rxf1 Qd7 21. Bxc5 dxc5
22. Nd1 Bxe2 23. Qxe2 Qh3 24. Rf3 Qxh4 25. Qf2 Rf8 26. Rxf8+ Bxf8 27. Qf6 Qf4
28. Ne3 Qxf6 29. gxf6 Kf7 30. Ng4 Nd7 0-1

[Event "1st Abu Dhabi Super Blitz"]
[Site "chess.com INT"]
[Date "2020.04.15"]
[Round "11"]
[White "Ozen, Bahadir"]
[Black "Sarana, Alexey"]
[Result "0-1"]
[WhiteTitle "IM"]
[BlackTitle "GM"]
[WhiteElo "2369"]
[BlackElo "2654"]
[WhiteFideId "6337058"]
[BlackFideId "24133795"]
[EventDate "2020.04.15"]
[EventType "blitz"]

1. Nf3 d5 2. d4 Nf6 3. c4 g6 4. Nc3 Bg7 5. Bf4 O-O 6. e3 c5 7. dxc5 Qa5 8. Rc1
Ne4 9. Be5 Bxe5 10. Nxe5 Nc6 11. Nxc6 bxc6 12. cxd5 Nxc3 13. Rxc3 Rd8 14. Qc1
Rxd5 15. Be2 Rxc5 16. O-O Rxc3 17. Qxc3 Qxc3 18. bxc3 Be6 19. Rb1 Bxa2 20. Ra1
Bd5 21. c4 Be6 22. Ra6 Bc8 23. Ra5 a6 24. Bf3 Bb7 25. Kf1 Kf8 26. Ke2 Ke8 27.
Kd3 Kd7 28. Kd4 Kd6 29. c5+ Kc7 30. Kc3 e5 31. g4 f6 32. h4 Rf8 33. Be2 f5 34.
g5 f4 35. Ra4 fxe3 36. fxe3 Rd8 37. Bxa6 Ra8 38. Re4 Bxa6 39. Rxe5 Kd7 40. h5
Rf8 41. hxg6 hxg6 42. Re4 Rf5 43. Ra4 Rxc5+ 44. Kd4 Rd5+ 0-1

[Event "1st Abu Dhabi Super Blitz"]
[Site "chess.com INT"]
[Date "2020.04.15"]
[Round "11"]
[White "Narayanan, S.L."]
[Black "Laurusas, Tomas"]
[Result "0-1"]
[WhiteTitle "GM"]
[BlackTitle "IM"]
[WhiteElo "2618"]
[BlackElo "2511"]
[WhiteFideId "5058422"]
[BlackFideId "12803731"]
[EventDate "2020.04.15"]
[EventType "blitz"]

1. e4 e5 2. Nf3 Nf6 3. Nxe5 d6 4. Nf3 Nxe4 5. c4 Be7 6. d4 O-O 7. Bd3 d5 8. O-O
c6 9. Nc3 Nxc3 10. bxc3 Be6 11. cxd5 cxd5 12. Ne5 Nd7 13. f4 Nxe5 14. dxe5 Bc5+
15. Kh1 f5 16. exf6 Qxf6 17. Rb1 b6 18. f5 Bf7 19. Qg4 h6 20. h3 Rfe8 21. c4 h5
22. Qg3 dxc4 23. Bc2 Bd6 24. Bf4 Bxf4 25. Rxf4 Rad8 26. Re1 b5 27. Kh2 Rxe1 28.
Qxe1 Re8 29. Qg3 Re2 30. Bd1 Rd2 31. Bf3 c3 32. Re4 Qd6 33. Qxd6 Rxd6 34. a3 c2
35. Re1 Bb3 0-1

[Event "1st Abu Dhabi Super Blitz"]
[Site "chess.com INT"]
[Date "2020.04.15"]
[Round "11"]
[White "Grandelius, Nils"]
[Black "Edouard, Romain"]
[Result "1-0"]
[WhiteTitle "GM"]
[BlackTitle "GM"]
[WhiteElo "2651"]
[BlackElo "2649"]
[WhiteFideId "1710400"]
[BlackFideId "633429"]
[EventDate "2020.04.15"]
[EventType "blitz"]

1. Nf3 c5 2. c4 Nc6 3. d4 cxd4 4. Nxd4 Nf6 5. Nc3 e6 6. g3 Qb6 7. Ndb5 Ne5 8.
Bg2 a6 9. Qa4 Rb8 10. Na3 Bxa3 11. Qxa3 Nxc4 12. Qb3 Qc7 13. O-O b5 14. Bf4 d6
15. Rac1 Bb7 16. Nxb5 axb5 17. Qxb5+ Qd7 18. Qxc4 Bxg2 19. Kxg2 O-O 20. b3 Ra8
21. a4 Rfb8 22. Rfd1 Qb7+ 23. Qc6 Qxc6+ 24. Rxc6 Nd5 25. Bxd6 Rxb3 26. e4 Nf6
27. Rdc1 h5 28. Rc8+ Rxc8 29. Rxc8+ Kh7 30. a5 Nxe4 31. Bc7 Rc3 32. a6 Ra3 33.
Ra8 Ra2 34. Bb6 Nf6 35. a7 Nd5 36. Bd4 1-0

[Event "1st Abu Dhabi Super Blitz"]
[Site "chess.com INT"]
[Date "2020.04.15"]
[Round "11"]
[White "Mikhalevski, Victor"]
[Black "Bluebaum, Matthias"]
[Result "0-1"]
[WhiteTitle "GM"]
[BlackTitle "GM"]
[WhiteElo "2565"]
[BlackElo "2647"]
[WhiteFideId "2801914"]
[BlackFideId "24651516"]
[EventDate "2020.04.15"]
[EventType "blitz"]

1. Nf3 d5 2. g3 Nc6 3. d4 Bf5 4. Bg2 Nb4 5. Na3 e6 6. O-O Be7 7. c3 Nc6 8. Nc2
Nf6 9. Nce1 O-O 10. Nd3 a5 11. a4 b6 12. Nfe5 Nxe5 13. Nxe5 Bd6 14. Bg5 Re8 15.
f3 h6 16. Bf4 c5 17. Nc6 Qc7 18. Bxd6 Qxd6 19. Ne5 Rac8 20. e3 Nd7 21. e4 Bh7
22. Nxd7 Qxd7 23. dxc5 bxc5 24. exd5 exd5 25. Qd2 d4 26. Rfe1 Rxe1+ 27. Rxe1
Qxa4 28. f4 dxc3 29. Qxc3 Qd4+ 30. Kh1 Qxc3 31. bxc3 a4 32. Re7 Bc2 33. Bd5 Bb3
34. c4 a3 35. Rxf7 Kh8 36. Ra7 a2 37. Kg2 Re8 38. Kf2 Kh7 39. h4 Re7 40. Ra6 h5
41. Ra5 Kg6 42. Ra6+ Kf5 43. Ra8 Kg4 44. Ra6 Kh3 45. Ra8 Kh2 46. Ra3 Rd7 47. Ra6
Rd6 48. Ra3 Rg6 0-1

[Event "1st Abu Dhabi Super Blitz"]
[Site "chess.com INT"]
[Date "2020.04.15"]
[Round "11"]
[White "Bruzon Batista, Lazaro"]
[Black "Sevian, Samuel"]
[Result "0-1"]
[WhiteTitle "GM"]
[BlackTitle "GM"]
[WhiteElo "2644"]
[BlackElo "2660"]
[WhiteFideId "3503739"]
[BlackFideId "2040506"]
[EventDate "2020.04.15"]
[EventType "blitz"]

1. Nf3 d5 2. g3 g6 3. Bg2 Bg7 4. c4 dxc4 5. Qa4+ Nc6 6. O-O e5 7. Qxc4 Nge7 8.
d3 O-O 9. Nc3 h6 10. Bd2 Nf5 11. Qa4 Bd7 12. Rfc1 Ncd4 13. Qd1 Bc6 14. Nxd4 exd4
15. Ne4 Bd5 16. b4 Re8 17. a4 Rc8 18. b5 Kh7 19. Bb4 Re5 20. Rab1 c6 21. bxc6
Rxc6 22. Rxc6 Bxc6 23. a5 Ne7 24. Nd2 Bxg2 25. Kxg2 Nd5 26. Nf3 Re6 27. Bd2 Qc7
28. Rb5 Nc3 29. Bxc3 dxc3 30. Qc2 a6 31. Rd5 b5 32. axb6 Rxb6 33. d4 Rb2 34. Qc1
Qc4 35. Rc5 Qxe2 36. Qf1 Qxf1+ 37. Kxf1 c2 38. Kg2 Bf8 39. Rc7 Bd6 40. Rc6 Bb4
41. Ne5 Ba3 42. d5 a5 43. Nd3 Rb3 0-1

[Event "1st Abu Dhabi Super Blitz"]
[Site "chess.com INT"]
[Date "2020.04.15"]
[Round "11"]
[White "Saric, Ivan"]
[Black "Andriasian, Zaven"]
[Result "0-1"]
[WhiteTitle "GM"]
[BlackTitle "GM"]
[WhiteElo "2646"]
[BlackElo "2606"]
[WhiteFideId "14508150"]
[BlackFideId "13302000"]
[EventDate "2020.04.15"]
[EventType "blitz"]

1. e4 c5 2. Nf3 d6 3. d4 cxd4 4. Nxd4 Nf6 5. Nc3 a6 6. h3 e5 7. Nde2 h5 8. g3 b5
9. Nd5 Nbd7 10. Nxf6+ Nxf6 11. Bg5 Bb7 12. Nc3 Be7 13. Bxf6 Bxf6 14. a4 b4 15.
Nd5 Rc8 16. h4 Rc5 17. Nxf6+ Qxf6 18. Bg2 O-O 19. O-O Rfc8 20. Rc1 a5 21. c3 g6
22. Qd2 bxc3 23. Rxc3 Rxc3 24. bxc3 Rc5 25. Rb1 Bc6 26. Qh6 Qd8 27. g4 Qf8 28.
Qg5 hxg4 29. h5 Kg7 30. Qxg4 Rxc3 31. Bf3 Qe7 32. hxg6 fxg6 33. Rb8 Bd7 34. Qg3
Be6 35. Kg2 Rc8 36. Rb6 Rc4 37. Rb8 Rxa4 38. Bh5 Bf7 39. Bg4 Rb4 40. Ra8 Rxe4
41. Qh3 Rxg4+ 0-1

[Event "1st Abu Dhabi Super Blitz"]
[Site "chess.com INT"]
[Date "2020.04.15"]
[Round "11"]
[White "Florescu, Codrut-Constantin"]
[Black "Adhiban, Baskaran"]
[Result "1-0"]
[WhiteTitle "IM"]
[BlackTitle "GM"]
[WhiteElo "2293"]
[BlackElo "2659"]
[WhiteFideId "1202200"]
[BlackFideId "5018471"]
[EventDate "2020.04.15"]
[EventType "blitz"]

1. d4 Nf6 2. c4 g6 3. Nc3 Bg7 4. e4 d6 5. f3 O-O 6. Bg5 c5 7. d5 e6 8. Qd2 exd5
9. cxd5 h6 10. Be3 Nbd7 11. Nh3 Ne5 12. Nf2 Bd7 13. Bxh6 b5 14. Bxg7 Kxg7 15.
Nxb5 Bxb5 16. Bxb5 Rb8 17. Be2 Rb4 18. O-O Rh8 19. h3 Rd4 20. Qe3 Qa5 21. Rfd1
Qb4 22. Qc3 g5 23. Rxd4 Qxd4 24. Qxd4 cxd4 25. Rd1 Rc8 26. Rxd4 Rc2 27. Kf1 Nh5
28. Ke1 Nf4 29. Bf1 Rxb2 30. Rd2 Rb1+ 31. Rd1 Rb4 32. Rd2 a5 33. Ng4 Nxg4 34.
hxg4 a4 35. g3 Ng6 36. a3 Rb3 37. Rd3 Ne5 38. Rxb3 axb3 39. Kd2 Nxf3+ 40. Kc3
Kf6 41. Be2 b2 42. Kxb2 Nd4 43. Bd1 Ke5 44. Kc3 Kxe4 45. Kc4 Ke5 46. a4 f5 47.
a5 fxg4 48. a6 Nf5 49. a7 Ne3+ 50. Kd3 Nxd5 51. a8=Q 1-0

[Event "1st Abu Dhabi Super Blitz"]
[Site "chess.com INT"]
[Date "2020.04.15"]
[Round "11"]
[White "Dubov, Daniil"]
[Black "Andreikin, Dmitry"]
[Result "1-0"]
[WhiteTitle "GM"]
[BlackTitle "GM"]
[WhiteElo "2699"]
[BlackElo "2726"]
[WhiteFideId "24126055"]
[BlackFideId "4158814"]
[EventDate "2020.04.15"]
[EventType "blitz"]

1. d4 d5 2. c4 c6 3. Nf3 Nf6 4. Nc3 a6 5. c5 g6 6. g3 Bg7 7. Bg2 O-O 8. O-O Nbd7
9. Qc2 Re8 10. Rd1 e5 11. dxe5 Nxe5 12. Nxe5 Rxe5 13. e4 Bg4 14. Bf4 Bxd1 15.
Rxd1 Rh5 16. Bf3 d4 17. Na4 Qe7 18. Rxd4 Re8 19. Bxh5 Nxh5 20. Bd6 Qe6 21. e5
Bxe5 22. Re4 Qf5 23. Qe2 f6 24. Nc3 Kg7 25. Kg2 Re6 26. f4 Bxd6 27. Rxe6 Bxc5
28. Re4 Kh6 29. Qf3 Qd7 30. f5 g5 31. h4 b5 32. hxg5+ fxg5 33. Re6+ Kg7 34. Qxh5
Qd2+ 35. Kh3 Bg1 36. f6+ Kf8 37. Re8# 1-0

[Event "1st Abu Dhabi Super Blitz"]
[Site "chess.com INT"]
[Date "2020.04.15"]
[Round "11"]
[White "Sargsyan, Shant"]
[Black "Cuhendi, Sean Winshand"]
[Result "0-1"]
[WhiteTitle "GM"]
[BlackTitle "IM"]
[WhiteElo "2594"]
[BlackElo "2419"]
[WhiteFideId "13306766"]
[BlackFideId "7101554"]
[EventDate "2020.04.15"]
[EventType "blitz"]

1. d4 d5 2. c4 Nc6 3. Nf3 Bg4 4. cxd5 Bxf3 5. dxc6 Bxc6 6. Nc3 e6 7. Bf4 Nf6 8.
e3 Bd6 9. Bg3 O-O 10. Rc1 Ne4 11. Nxe4 Bxe4 12. f3 Bd5 13. Bd3 Bxa2 14. b3 Qg5
15. Kf2 Qd5 16. Rc3 Bb4 17. Rc4 a5 18. Bxh7+ Kxh7 19. Qc2+ Kg8 20. Qxa2 c6 21.
Rd1 b5 22. Rc2 c5 23. Qb1 Rfd8 24. Rcc1 c4 25. bxc4 bxc4 26. Qc2 Rac8 27. h4 c3
28. Rh1 Ba3 29. Rcd1 Bb2 30. h5 Qf5 31. Rd3 a4 32. h6 a3 33. hxg7 a2 34. e4 Qg6
35. Qa4 Ra8 36. Qc6 a1=Q 37. Rxa1 Rxa1 38. Qc7 Raa8 39. Be5 Rac8 40. Qb7 c2 41.
Bf4 c1=Q 42. Bxc1 Bxc1 43. Qe7 Bg5 44. Qb7 Bf4 45. g4 Qh6 46. Rc3 Rxc3 0-1

[Event "1st Abu Dhabi Super Blitz"]
[Site "chess.com INT"]
[Date "2020.04.15"]
[Round "11"]
[White "Giri, Anish"]
[Black "Cvitan, Ognjen"]
[Result "0-1"]
[WhiteTitle "GM"]
[BlackTitle "GM"]
[WhiteElo "2764"]
[BlackElo "2467"]
[WhiteFideId "24116068"]
[BlackFideId "14500086"]
[EventDate "2020.04.15"]
[EventType "blitz"]

1. e4 c5 2. Nf3 d6 3. d4 cxd4 4. Nxd4 Nf6 5. Nc3 g6 6. Be3 Bg7 7. f3 O-O 8. Qd2
Nc6 9. O-O-O d5 10. exd5 Nxd5 11. Nxc6 bxc6 12. Bd4 Bxd4 13. Qxd4 Qb6 14. Na4
Qc7 15. Bc4 Rd8 16. Bb3 Be6 17. Nc5 Nf4 18. Nxe6 Nxe6 19. Qe3 Nf4 20. g3 Nd5 21.
Qe2 e6 22. f4 a5 23. a3 Rd7 24. Rhe1 Rad8 25. Qe5 Qb6 26. Rd2 Nc7 27. Rxd7 Rxd7
28. Qe3 c5 29. Bc4 Nb5 30. Qb3 Qd6 31. Qd3 Nd4 32. Kb1 Qc7 33. Rd1 Rd6 34. Qf1
Nf5 35. Rxd6 Qxd6 36. Qe1 Qb6 37. Bd3 Nd4 38. c3 Nf5 39. g4 Nd6 40. Qe3 Qc6 41.
Qe5 Kf8 42. c4 Ke7 43. Ka2 f6 44. Qe3 Qb6 45. h4 a4 46. Be2 f5 47. g5 Ne4 48.
Bf3 Qb3+ 49. Qxb3 axb3+ 50. Ka1 Nd2 51. Bd1 e5 52. fxe5 Ke6 53. a4 Kxe5 54. a5
Kd6 55. h5 gxh5 56. Bxh5 f4 57. g6 hxg6 58. Bxg6 f3 59. Bd3 f2 60. Be2 Kc7 61.
Bd3 Kb7 62. Be2 Ka6 63. Bd3 Kxa5 64. Be2 Kb4 65. Bd3 f1=Q+ 0-1

[Event "1st Abu Dhabi Super Blitz"]
[Site "chess.com INT"]
[Date "2020.04.15"]
[Round "11"]
[White "Korobov, Anton"]
[Black "Akobian, Varuzhan"]
[Result "1-0"]
[WhiteTitle "GM"]
[BlackTitle "GM"]
[WhiteElo "2688"]
[BlackElo "2614"]
[WhiteFideId "14105730"]
[BlackFideId "13300580"]
[EventDate "2020.04.15"]
[EventType "blitz"]

1. d4 e6 2. c4 f5 3. g3 Nf6 4. Bg2 d5 5. Nf3 c6 6. O-O Bd6 7. b3 O-O 8. Ba3 Bxa3
9. Nxa3 Nbd7 10. Nc2 Ne4 11. Qc1 Qe7 12. Nce1 b6 13. cxd5 cxd5 14. Nd3 Ba6 15.
Qe3 Rac8 16. Rfc1 Rxc1+ 17. Rxc1 Rc8 18. Rxc8+ Bxc8 19. Qc1 Qd8 20. Qc6 Nf8 21.
Nfe5 a5 22. h4 Nd6 23. Nf4 Bb7 24. Qc1 Nf7 25. Nxf7 Kxf7 26. Nd3 Nd7 27. Qf4 Ba6
28. Qd6 Bxd3 29. exd3 Qe7 30. Qc6 g6 31. Bf3 h5 32. Kg2 Kf6 33. a3 Nf8 34. Qxb6
Qxa3 35. Bxd5 Qb4 36. Qxb4 axb4 37. Bc6 Ke7 38. Kf3 Nh7 39. Kf4 Nf6 40. Kg5 Ng4
41. Kxg6 Nxf2 42. Kxh5 Nxd3 43. Kg5 Kd6 44. h5 e5 45. h6 exd4 46. h7 Ne5 47. Be8
d3 48. h8=Q d2 49. Qf6+ Kd5 50. Qd8+ Ke4 51. Kh6 Ke3 52. Bb5 Ng4+ 53. Kg7 Nf2
54. Qe7+ Kd4 55. Be2 1-0

[Event "1st Abu Dhabi Super Blitz"]
[Site "chess.com INT"]
[Date "2020.04.15"]
[Round "11"]
[White "Maghsoodloo, Parham"]
[Black "Swiercz, Dariusz"]
[Result "1-0"]
[WhiteTitle "GM"]
[BlackTitle "GM"]
[WhiteElo "2676"]
[BlackElo "2649"]
[WhiteFideId "12539929"]
[BlackFideId "1126881"]
[EventDate "2020.04.15"]
[EventType "blitz"]

1. e4 e5 2. Nf3 Nc6 3. Bb5 Nf6 4. d3 Bc5 5. c3 O-O 6. O-O d6 7. Nbd2 Ne7 8. d4
exd4 9. cxd4 Bb6 10. h3 d5 11. e5 Ne4 12. Bd3 Bf5 13. Nb3 Bg6 14. a4 a5 15. Nh4
Nf5 16. Nxf5 Bxf5 17. Qc2 Bg6 18. Be3 f6 19. f3 Ng3 20. Bxg6 hxg6 21. Rfe1 fxe5
22. dxe5 Bxe3+ 23. Rxe3 Nf5 24. Ree1 c6 25. Qf2 Qe7 26. Nc5 d4 27. Rac1 b6 28.
Nd3 c5 29. Nf4 Kh7 30. Re4 Rad8 31. Rce1 g5 32. Ne2 Qe6 33. Ng3 Ne3 34. Nf1 Nd5
35. Qg3 Rf5 36. h4 Qg6 37. Rg4 d3 38. hxg5 Kg8 39. Nd2 Re8 40. Ree4 Nb4 41. f4
Nc6 42. Qxd3 Rd8 43. Qc3 Nd4 44. Rh4 Rff8 45. Qh3 Kf7 46. e6+ Ke7 47. Rh7 Rd5
48. g4 Nf5 49. gxf5 Rfxf5 50. Nf3 Rd1+ 51. Kf2 Re5 52. Rxg7+ Qxg7 53. Nxe5 Rd2+
54. Re2 Rxb2 55. Qf5 Rxe2+ 56. Kxe2 Kd6 57. Qf6 Qh7 58. e7+ Kd5 59. Qf7+ 1-0

[Event "1st Abu Dhabi Super Blitz"]
[Site "chess.com INT"]
[Date "2020.04.15"]
[Round "11"]
[White "Suleymenov, Alisher"]
[Black "Gadimbayli, Abdulla"]
[Result "1-0"]
[WhiteTitle "IM"]
[BlackTitle "IM"]
[WhiteElo "2423"]
[BlackElo "2470"]
[WhiteFideId "13707833"]
[BlackFideId "13404938"]
[EventDate "2020.04.15"]
[EventType "blitz"]

1. d4 d5 2. Bf4 Nf6 3. e3 e6 4. Nf3 Bd6 5. Bg3 O-O 6. c3 c5 7. Nbd2 Nc6 8. Bd3
b6 9. Qe2 Bb7 10. Rd1 Re8 11. Ne5 Ne7 12. Bb5 Rf8 13. Nd7 Nxd7 14. Bxd6 a6 15.
Bxd7 Qxd7 16. dxc5 bxc5 17. Bxc5 a5 18. c4 Ba6 19. Qg4 Rfc8 20. Ba3 Qb7 21. b3
a4 22. O-O axb3 23. axb3 dxc4 24. bxc4 Nf5 25. Rc1 Rd8 26. Nf3 Bxc4 27. Qxc4
Rxa3 28. Rb1 Qa8 29. h3 Nd6 30. Qc7 Ra7 31. Qc2 h6 32. Rfd1 Rc8 33. Qd3 Ne4 34.
Rbc1 Rxc1 35. Rxc1 Ra1 36. Qf1 Rxc1 37. Qxc1 Qa2 38. Qe1 g5 39. Ne5 Qb2 40. Nf3
Kg7 41. Nd4 Kg6 42. f3 Nc5 43. Qd1 Qc3 44. Qe2 Nd3 45. Kh2 Ne5 46. Nc2 Nc4 47.
Qf2 Qe5+ 48. f4 Qf6 49. Qe2 Nd6 50. Qd3+ Nf5 51. g4 gxf4 52. exf4 Kg7 53. gxf5
exf5 54. Ne3 Kg8 55. Nxf5 Qb2+ 56. Kg3 Qc1 57. Nxh6+ Kf8 58. Qd8+ Kg7 59. Nf5+
Kh7 60. Qh4+ Kg8 61. Qg5+ Kf8 62. Qd8# 1-0

[Event "1st Abu Dhabi Super Blitz"]
[Site "chess.com INT"]
[Date "2020.04.15"]
[Round "11"]
[White "Corrales Jimenez, Fidel"]
[Black "Sasikiran, Krishnan"]
[Result "0-1"]
[WhiteTitle "GM"]
[BlackTitle "GM"]
[WhiteElo "2532"]
[BlackElo "2647"]
[WhiteFideId "3506690"]
[BlackFideId "5004985"]
[EventDate "2020.04.15"]
[EventType "blitz"]

1. e4 c5 2. Nf3 d6 3. d4 cxd4 4. Nxd4 Nf6 5. Nc3 a6 6. Be3 e6 7. Qd2 b5 8. f3 h5
9. a4 b4 10. Na2 a5 11. Bb5+ Nbd7 12. c3 bxc3 13. Nxc3 Bb7 14. O-O Be7 15. Nc6
Bxc6 16. Bxc6 Rb8 17. Nb5 O-O 18. Bxd7 Qxd7 19. Qxa5 Rfc8 20. Rfc1 h4 21. Rxc8+
Rxc8 22. Rc1 Rxc1+ 23. Bxc1 h3 24. Qc7 Qe8 25. g4 d5 26. e5 Nd7 27. Nd6 Qd8 28.
Qxd8+ Bxd8 29. f4 Nc5 30. Be3 Nxa4 31. b3 Nc3 32. Kf2 f6 33. Bd4 Na2 34. Ke3 Nb4
35. Bc5 Na6 36. b4 fxe5 37. fxe5 Bg5+ 38. Kf3 Bd2 39. Nb5 Bxb4 40. Bxb4 Nxb4 41.
Nd4 Kf7 42. Kg3 Nd3 43. Nf3 Nc5 44. Kxh3 Ne4 45. g5 Kg6 46. Kg4 Nf2+ 47. Kh4 Kf5
48. Kg3 Ne4+ 49. Kh4 Kf4 50. Nd4 Nxg5 51. Nc6 Nf3+ 52. Kh3 Nxe5 53. Nd8 Kf5 54.
Kg2 d4 55. Kf2 Nc4 56. Nc6 e5 57. h4 Nd6 58. Kf3 e4+ 59. Kg3 d3 60. Kf2 Kf4 61.
Nd4 e3+ 62. Ke1 Ne4 63. Ne6+ Kg3 64. Nd4 d2+ 65. Ke2 Nc3+ 66. Kxe3 d1=Q 67. Nf5+
Kh3 68. Nd4 Kxh4 69. Nf3+ Kg3 70. Ne5 Qe2+ 71. Kd4 Qe4+ 72. Kxc3 Qxe5+ 73. Kd3
Kf3 0-1